LEADER 01183nam a2200193 i 4500 001 000000234074 003 CaOOAMICUS 005 20141006000000.0 008 141006s1678 gw u000 u lat u 013 $a212977 026 $ab-** o-io 8.ub Dedu (C) 1678 (R) - [**= caratteri greci] 040 $aSeMil$bita 245 10$aO-Z. 300 $a2 pt. ([4] p., 1560 col.; [4], 72 p., [6] carte di tav. ) :$bill. 500 $aSegn. : pg2 A-5D4 5E6; pigreco2 a-i4. - Tav. num. da I a XI. - Tit. della pt. 2: De imperatorum Constantinopolitanorum seu De inferioris aevii, vel Imperii, uti vocant, dissertatio. 773 0 $aDu Cange, Charles <1610-1688>$tGlossarium ad scriptores mediae & infimae Latinitatis, in quo Latina vocabula novatae significationis, aut usus rarioris, barbara & exotica explicantur, eorum notiones & originationes reteguntur: ... Auctore Carolo Du Fresne, Domino Du Cange, ..$dLutetiae Parisiorum : Typis Gabrielis Martini. Prostat apud Ludovicum Billaine, bibliopolam Parisiensem, 1648-1678.$g3$w()30644 850 $aSeMil 852 $aSeMil$W1$xVenegono$y1$m1A VIII 3 FA$j184420$B184420$CSeMilBibl$Z2$F195405 $8I 996 $6245$aO-Z$9(OLS)http://semarc/title/150562 LEADER 01012nas a2200265 i 4500 001 000000185664 003 CaOOAMICUS 005 20101124000000.0 008 100118b2010 ne uu u0 0mul r 013 $a163698 040 $aSeMil$bita 245 10$a[2010 : 1]. 260 $aLeiden ; Boston :$bBrill,$ccopyr. 2010. 300 $a125 p. ;$c24 cm. 500 $aArticoli con sintesi in inglese [Abstract] in testa. 700 1 $aBenavides, Gustavo.$0(OLS)http://semarc/name/42332 700 1 $aHammer, Olav,$d<1958- >.$0(OLS)http://semarc/name/65914 700 1 $aAlles, Gregory D.$0(OLS)http://semarc/name/68236 773 0 $tNumen.$dLeiden : E. J. Brill, 1954.$x0029-5973$w()2539 774 0 $t[vedi periodico].$w()267420 850 $aSeMil 852 $aSeMil$W1$xVenegono$y1$m181 5 72$j136355$B136355$CSeMilBibl$Z2$F156808 $85 961 $aAbbonamento: Brill 996 $6245$a[2010 : 1]$9(OLS)http://semarc/title/265174 996 $6260$aLeiden ; Boston :$bBrill$9(OLS)http://semarc/publisher/39473 LEADER 01205nam a2200241 i 4500 001 000000011302 003 CaOOAMICUS 005 20230111123139.0 008 180830s1962 be u000 u fre u 040 $aSeMil$bita 245 13$aLa vie ancienne de S. Syméon Stylite le Jeune :$b(521-592) /$cpubliée par Paul van den Ven. 260 $aBruxelles :$bSociété des Bollandistes,$c1962-1970. 300 $a2 v. ;$c25 cm. 490 1 $aSubsidia hagiographica 600 04$aMarta : di Betania .$0(OLS)http://semarc/subject/1844 650 4$aSimeone : Stilita - Biografie.$0(OLS)http://semarc/subject/1843 700 1 $aVen, Paul : van den.$0(OLS)http://semarc/name/5449 774 0 $tIntroduction et texte grec.$kSubsidia hagiographica$g1$w()124851 774 0 $tTraduction et Commentaire ; Vie grecque de sainte Marthe mère de S. Syméon ; Indices.$kSubsidia hagiographica$g2$w()124852 830 0$aSubsidia hagiographica.$0(OLS)http://semarc/title/570 996 $6245$aLa vie ancienne de S. Syméon Stylite le Jeune :$b(521-592)$9(OLS)http://semarc/title/14938 996 $6260$aBruxelles :$bSociété des Bollandistes$9(OLS)http://semarc/publisher/29839